| 000 | 01804nam a2200505 i 4500 | ||
|---|---|---|---|
| 001 | 5755 | ||
| 003 | KOSZ 005 | ||
| 005 | 20220622130727.0 | ||
| 008 | 970513s1992 pl f |000 0 pol | ||
| 015 | _aPB 1992/8312 | ||
| 020 | _a8301109688 | ||
| 035 | _a991001462529705066 | ||
| 035 | _a(PL-WaBN)b10420484-48omnis_nlop | ||
| 035 | _ab10420484 | ||
| 035 | _a(OCoLC)69519965 | ||
| 035 | _a(PL)b0000001042048 | ||
| 035 | _a(EXLNZ-48OMNIS_NETWORK)9910163439405606 | ||
| 040 |
_aWA N _cWA N _dKOSZ 005/EG |
||
| 041 | 1 |
_apol _hger |
|
| 080 | _a339.13 | ||
| 080 | _a658.8 | ||
| 080 | _a658.1/.5 | ||
| 100 | 1 |
_aMaderthaner, Wolfgang _eAutor |
|
| 245 | 1 | 0 |
_aJak zdobyć klienta : _bkoncepcja sukcesu w walce konkurencyjnej o wyparcie z rynku / _cWolfgang Maderthaner ; [z niem. tł. Michał Rusiński]. |
| 246 | 1 |
_iTyt. oryg.: _aKunden-Manager : _bdas Erfolgskonzept im Verdrängungswettbewerb, _f1991 |
|
| 260 |
_aWarszawa : _bWydaw. Naukowe PWN, _c1992. |
||
| 300 |
_a175, [1] s. ; _c21 cm. |
||
| 336 |
_2rdacontent _aTekst _btxt |
||
| 337 |
_2rdamedia _aBez urządzenia pośredniczącego _bn |
||
| 338 |
_2rdacarrier _aWolumin _bnc |
||
| 380 | _aKsiążki | ||
| 388 | _a1901-2000 | ||
| 388 | _a1989-2000 | ||
| 500 | _aTyt. oryg.: Der Kunden-Manager : das Erfolgskonzept im Verdrängungswettbewerb, 1991. | ||
| 650 | 7 |
_aHandel _2DBN |
|
| 650 | 7 |
_aKonkurencja _2DBN |
|
| 650 | 7 |
_aPrzedsiębiorstwo _2DBN |
|
| 658 | _aGospodarka, ekonomia, finanse | ||
| 650 | 7 |
_aRynek (ekonomia) _2DBN |
|
| 710 | 2 |
_aWydawnictwo Naukowe PWN _4pbl |
|
| 700 | 1 |
_aRusiński, Michał _eTłumaczenie |
|
| 856 |
_uhttp://koha.tu.koszalin.pl/cgi-bin/koha/opac-detail.pl?biblionumber=5755 _yKatalog online BPK |
||
| 942 |
_2UKD _cKS |
||
| 999 |
_c5755 _d5755 |
||